| 000 | 00371nam a2200109Ia 4500 | ||
|---|---|---|---|
| 008 | 160909s9999 xx 000 0 und d | ||
| 100 | _aCarney, Kirsten | ||
| 245 | _aInstagram and Women's Bodies on Display | ||
| 260 |
_bSouthern Illinois University at Edwardsville. _c2016 |
||
| 650 | _aMULTIMEDIA ARTS | ||
| 856 | _uhttp://pqdtopen.proquest.com/doc/1809119711.html?FMT=ABS | ||
| 999 |
_c304366 _d304366 |
||